Biggest Cities in Gambia on a Map - Statistics

General Stats
  • This quiz has been taken 169 times
  • The average score is 4 of 10
Answers on the Map
Answers color-coded by a green-red scale on the quiz's map according to % correct below.
 
Answer Stats
Population City % Correct
34,589 Banjul
99%
340,000 Serrekunda
57%
77,700 Brikama
49%
43,098 Bakau
39%
14,380 Basse Santa Su
30%
14,088 Gunjur
29%
29,867 Farafenni
27%
15,131 Sukuta
27%
9,869 Soma
23%
24,797 Lamin
21%
No matching quizzes found
Score Distribution
Percent of People with Each Score
Percentile by Number Answered
Your Score History
You have not taken this quiz